00385nam a22001457a 450000500170000000800410001702000180005804100080007608200120008410000190009624500550011526000420017030000130021265000140022520250127172759.0250127b |||||||| |||| 00| 0 eng d a9780349144900 aEng a973.933 aWolff, Michael aLandslide : The final days of the Trump Presidency aLondonbThe Bridge Street Pressc2022 a312:. p. aBiography